Into the Woods Requests Quiz Stats

 Plays Quiz not verified by Sporcle

Score 0/12 Timer 01:00
0 Plays Today
Hint Answer % Correct
The....cow
98.3%
The....hair
96.9%
as....white
96.4%
as....red
95%
.milk
94.5%
.blood
94.1%
The....cape
93.8%
The....slipper
93.8%
as....yellow
93.8%
.corn
92.2%
.gold
91.9%
as....pure
87.7%

You're not logged in!

Compare scores with friends on all Sporcle quizzes.
OR
Log In

Sporcle TV

Today on Sporcle TV


Watch our educational content, quiz creation guides, and fun videos on Sporcle TV.

Show Comments

Extras

Created Jan 12, 2015ReportNominate
Tags:baker, Bring, four, item, must, Request, wife, witch, wood

Top Quizzes Today


Score Distribution

Your Account Isn't Verified!

In order to create a playlist on Sporcle, you need to verify the email address you used during registration. Go to your Sporcle Settings to finish the process.

Report this User

Report this user for behavior that violates our Community Guidelines.

Details: